Town and Country Planning (Local Development Plan) (Wales) Regulations 2005 (Record no. 105158)
[ view plain ]
| 000 -LEADER | |
|---|---|
| fixed length control field | 01126cam a2200205 4500 |
| 001 - CONTROL NUMBER | |
| control field | ##L132497 |
| 008 - FIXED-LENGTH DATA ELEMENTS--GENERAL INFORMATION | |
| fixed length control field | 060213n2005 000 0 eng u |
| 020 ## - INTERNATIONAL STANDARD BOOK NUMBER | |
| International Standard Book Number | 0110911946 |
| 035 ## - SYSTEM CONTROL NUMBER | |
| System control number | (Sirsi) u132497 |
| 041 0# - LANGUAGE CODE | |
| Language code of text/sound track or separate title | eng |
| 245 00 - TITLE STATEMENT | |
| Title | Town and Country Planning (Local Development Plan) (Wales) Regulations 2005 |
| 260 ## - PUBLICATION, DISTRIBUTION, ETC. | |
| Place of publication, distribution, etc. | London |
| Name of publisher, distributor, etc. | TSO |
| Date of publication, distribution, etc. | 2005 |
| 490 #0 - SERIES STATEMENT | |
| Series statement | Welsh Statutory Instrument |
| Volume/sequential designation | SI 2005: 2839 (W.203) |
| 520 ## - SUMMARY, ETC. | |
| Summary, etc. | These Regulations make provisions for the operation of a new system of local development plans (LDPs) in Wales as established by the Planning and Compulsory Purchase Act 2004 Part VI. They prescribe the form and content of LDPs to be prepared by local planning authorities and make provision for the procedure to be followed in their preparation. |
| 590 ## - LOCAL NOTE (RLIN) | |
| Local note | IKA140206 |
| 650 24 - SUBJECT ADDED ENTRY--TOPICAL TERM | |
| Topical term or geographic name entry element | PLANNING AND COMPULSORY PURCHASE ACT 2004 PART VI |
| 690 ## - LOCAL SUBJECT ADDED ENTRY--TOPICAL TERM (OCLC, RLIN) | |
| Topical term or geographic name as entry element | ENVIRONMENTAL AND LAND CONSULTANCY-PLANNING AND DEVELOPMENT-PLANNING GUIDANCE-LOCAL DEVELOPMENT PLANS |
| 856 40 - ELECTRONIC LOCATION AND ACCESS | |
| Uniform Resource Identifier | <a href="https://www.legislation.gov.uk/wsi/2005/2839/contents/made">https://www.legislation.gov.uk/wsi/2005/2839/contents/made</a> |
| Public note | View the SI free of charge at www.legislation.gov.uk... |
| 942 ## - ADDED ENTRY ELEMENTS (KOHA) | |
| Suppress in OPAC | 0 |
| Withdrawn status | Lost status | Source of classification or shelving scheme | Damaged status | Not for loan | Home library | Current library | Shelving location | Date acquired | Total Checkouts | Full call number | Barcode | Date last seen | Copy number | Price effective from | Koha item type |
|---|---|---|---|---|---|---|---|---|---|---|---|---|---|---|---|
| Dewey Decimal Classification | Virtual | Virtual | Online | 13/02/2006 | ONLINE PUBLICATION | 132497-2001 | 06/08/2019 | 1 | 06/08/2019 | Book |